000 00561nam a2200205Ia 4500
001 15567
003 GE_BSU
008 181216s||||||||xx |||||||||||||| ||und||
040 _cGE_BSU
100 _aწერეთელი, გიორგი
245 _aმზეჩაუსვლელი
245 _bლექსები
260 _aთბილისი
260 _bმერანი
260 _c1973
300 _a72გვ. ; 16სმ
653 _aლექსები
653 _aმზეჩაუსვლელი
942 _cBK
999 _c48667
_d48667